LEADER 01318nam0 2200289 450 001 000044055 005 20180309114618.0 100 $a20180201d1963----km-y0itaa50------ba 101 0 $aita 102 $aIT 200 1 $aXXI congresso delle bonifiche$eatti$eS. Doną di Piave, 24-25 novembre 1962$fCongresso delle bonifiche 210 $aVenezia$cStamperia di Venezia$d1963 215 $a309 p.$cill.$d25 cm. 316 $aIn testa al frontespizio, firma autografa e data: Gioacchino Viggiani, 24-2-64 517 1 $a21. congresso delle bonifiche 606 1 $aBonifica$xCongressi 676 $a627.5$v(22. ed.)$9Ingegneria idraulica. Bonifica, irrigazione, soggetti connessi 676 $a333.76153$v(22. ed.)$9Terreni rurali Terreni agricoli. Bonifica, ricupero, ripristino 710 12$aCongresso delle bonifiche$d<21.$f; 1962$e; S. Doną di Piave>$0758670 801 0$aIT$bUniversitą della Basilicata - B.I.A.$gREICAT$2unimarc 912 $a000044055 996 $aXXI congresso delle bonifiche$91532524 997 $aUNIBAS CAT $aSTD017$b01$c20180201$lBAS01$h1827 CAT $aTTM$b30$c20180309$lBAS01$h1146 FMT Z30 -1$lBAS01$LBAS01$mBOOK$1BASA2$APolo Tecnico-Scientifico$2FVIG$BFondo Viggiani$3FVig/41911$641911$5T41911$7Collocato presso la Scuola di Agraria$820180201$f35$FStanza riservata LEADER 01403nam a2200349 i 4500 001 991001297809707536 005 20020507114033.0 008 970308s1975 us ||| | eng 035 $ab10201014-39ule_inst 035 $aLE00645441$9ExL 040 $aDip.to Fisica$bita 084 $a53(082.2) 084 $a53.3.1 084 $a53.3.2 084 $a53.3.3 084 $a539.7'2 084 $aQC793.07 111 2 $aCoral Gables Conference on theories and experiments in high-energy physics$0464277 245 10$aTheories and experiments in high-energy physics /$cB. Kursunoglu (chairman) ; edited by A. Perlmutter and S. Widmayer 260 $aNew York :$bPlenum Press,$c1975 300 $aviii, 486 p. :$bill. ;$c26 cm. 650 4$aParticles (Nuclear physics) 700 1 $aPerlmutter, Arnold 700 1 $aWidmayer, S. 700 1 $aKursunoglu, Behram$eauthor$4http://id.loc.gov/vocabulary/relators/aut$026131 907 $a.b10201014$b21-09-06$c27-06-02 912 $a991001297809707536 945 $aLE006 53(042+082.2) COR$g1$i2006000032186$lle006$o-$pE0.00$q-$rl$s- $t0$u0$v0$w0$x0$y.i10248638$z27-06-02 945 $aLE006 53(042+082.2) COR$g1$i2006000032339$lle006$o-$pE0.00$q-$rl$s- $t0$u0$v0$w0$x0$y.i1024864x$z27-06-02 996 $aTheories and experiments in high-energy physics$91445119 997 $aUNISALENTO 998 $ale006$b01-01-97$cm$da $e-$feng$gus $h0$i2